00586cam a2200157 4500001001100000008004100011035001500052050002300067245014400090260004500234300000900279650002400288650003300312650004400345700003900389BARQ000488 1992 spa  aBARQ000488 4aHE216b.M4 T3 1992 0aTérminos de referencia generales para estudios integrales de vialidad y transporte urbano /cGobierno del Estado de Michoacán, SEDESOL. aMéxico :bSEDESOL - Michoacán,c1992 ap.v. 4aVialidadxUrbanismo 4aComuniacciones y transportes 4aMéxicoxComunicaciones y tgransportes1 aGobierno del Estado de Michoacán